Obst nach Foto A-Z - Statistiken

Allgemein
  • Dieses Quiz wurde 490 mal gespielt
  • Das Durchschnittsergebnis liegt bei 15 aus 26
Antwortstatistiken
Bildquiz Antwort % Korrekt
Ananas
100%
Banane
100%
Erdbeere
99%
Orange
97%
Mango
96%
Ingwer
95%
Wassermelone
94%
Zitrone
93%
Feige
90%
Granatapfel
89%
Datteln
87%
Litschi
83%
Honigmelone
82%
Nektarine
77%
Quitte
47%
Vogelbeere
42%
Jackfrucht
29%
Kumquat
29%
Schlangenfrucht
15%
Rambutan
14%
Pitahaya
9%
Yuzu
8%
Cherimoya
5%
Tamarillo
4%
Ugli
4%
Xenia
4%
Keine übereinstimmenden Quizze gefunden
Verteilung der Resultate
Anzahl Personen mit jedem Resultat
Perzentil nach korrekt beantworteten Fragen
Ihre Resultats-Entwicklung
Sie haben dieses Quiz noch nicht gespielt